Man and cosmos (Record no. 5781)

MARC details
000 -LEADER
fixed length control field 00692nam a2200217Ia 4500
003 - CONTROL NUMBER IDENTIFIER
control field IN-BaIIA
008 - FIXED-LENGTH DATA ELEMENTS--GENERAL INFORMATION
fixed length control field 211028s9999 xx 000 0 eng d
020 ## - INTERNATIONAL STANDARD BOOK NUMBER
International Standard Book Number 0-393-06402-6
040 ## - CATALOGING SOURCE
Transcribing agency IIA Library
080 ## - UNIVERSAL DECIMAL CLASSIFICATION NUMBER
Universal Decimal Classification number 523
Item number MAN
245 #0 - TITLE STATEMENT
Title Man and cosmos
Remainder of title nine Guggenheim lectures on the solar system
Statement of responsibility, etc. edited by James Cornell and E Nelson Hayes
260 ## - PUBLICATION, DISTRIBUTION, ETC.
Place of publication, distribution, etc. New York
Name of publisher, distributor, etc. W. W Norton
Date of publication, distribution, etc. 1975
300 ## - PHYSICAL DESCRIPTION
Extent 191p.
650 ## - SUBJECT ADDED ENTRY--TOPICAL TERM
Topical term or geographic name entry element Astronomy
9 (RLIN) 80
650 ## - SUBJECT ADDED ENTRY--TOPICAL TERM
Topical term or geographic name entry element Astronomy and astrophysics thesaurus
650 ## - SUBJECT ADDED ENTRY--TOPICAL TERM
Topical term or geographic name entry element Cosmos
9 (RLIN) 10012
650 ## - SUBJECT ADDED ENTRY--TOPICAL TERM
Topical term or geographic name entry element Solar system
700 ## - ADDED ENTRY--PERSONAL NAME
Personal name Cornell, James., ed.
9 (RLIN) 10013
700 ## - ADDED ENTRY--PERSONAL NAME
Personal name Hayes, E Nelson., ed.
9 (RLIN) 5838
942 ## - ADDED ENTRY ELEMENTS (KOHA)
Koha item type Books
Holdings
Withdrawn status Lost status Damaged status Not for loan Home library Current library Shelving location Date acquired Total Checkouts Full call number Barcode Date last seen Price effective from Koha item type
        IIA Library-Bangalore IIA Library-Bangalore General Stacks 13/04/1978   523/ MAN 6464 05/11/2021 13/04/1978 Books

Powered by Koha